|
|
|
|
| LEADER |
00000naa2a2200000 4500 |
| 001 |
606219 |
| 005 |
20231101132406.0 |
| 035 |
|
|
|a (RuTPU)RU\TPU\conf\3598
|
| 035 |
|
|
|a RU\TPU\conf\3597
|
| 090 |
|
|
|a 606219
|
| 100 |
|
|
|a 20140522d2013 k y0rusy50 ca
|
| 101 |
0 |
|
|a rus
|
| 102 |
|
|
|a RU
|
| 105 |
|
|
|a y z 101zy
|
| 135 |
|
|
|a drgn ---uucaa
|
| 181 |
|
0 |
|a i
|
| 182 |
|
0 |
|a b
|
| 200 |
1 |
|
|a Наука и образование как фактор национальной конкурентоспособности
|f О. С. Козырева
|g науч. рук. М. С. Егорова
|
| 203 |
|
|
|a Текст
|c электронный
|
| 225 |
1 |
|
|a Проблемы теории и методологии экономической науки
|
| 230 |
|
|
|a 1 компьютерный файл (pdf; 359 Кб)
|
| 300 |
|
|
|a Заглавие с титульного экрана
|
| 320 |
|
|
|a [Библиогр.: с. 87-88 (3 назв.)]
|
| 330 |
|
|
|a В условиях глобализации и экспоненциального прироста достижений науки и техники, внедрение инноваций уже не является одним из способов повышения конкурентоспособности предприятия, оно является необходимым условием к его выживанию на рынке. В статье рассмотрены уровни организационной структуры предприятия, характеризующие степень инновационной восприимчивости сотрудников. Предложены мероприятия по снижению инновационного сопротивления на предприятии.
|
| 337 |
|
|
|a Adobe Reader
|
| 463 |
|
0 |
|0 (RuTPU)RU\TPU\conf\3320
|t Экономика России в XXI веке
|o сборник научных трудов Х Всероссийской научно-практической конференции "Фундаментальные проблемы модернизации экономики России", г. Томск, 19-23 ноября 2013 г.
|f Национальный исследовательский Томский политехнический университет (ТПУ) ; под ред. Г. А. Барышевой и др.
|v [С. 85-88]
|d 2013
|
| 610 |
1 |
|
|a труды учёных ТПУ
|
| 610 |
1 |
|
|a электронный ресурс
|
| 610 |
1 |
|
|a наука
|
| 610 |
1 |
|
|a образование
|
| 610 |
1 |
|
|a конкурентоспособность
|
| 610 |
1 |
|
|a образовательные системы
|
| 610 |
1 |
|
|a научная политика
|
| 700 |
|
1 |
|a Козырева
|b О. С.
|
| 702 |
|
1 |
|a Егорова
|b М. С.
|c экономист
|c ассистент кафедры Томского политехнического университета
|f 1982-
|g Мария Сергеевна
|2 stltpush
|4 727
|
| 712 |
0 |
2 |
|a Национальный исследовательский Томский политехнический университет (ТПУ)
|b Институт социально-гуманитарных технологий (ИСГТ)
|b Кафедра экономики (ЭКОН)
|h 149
|2 stltpush
|3 (RuTPU)RU\TPU\col\18375
|
| 801 |
|
2 |
|a RU
|b 63413507
|c 20140522
|g RCR
|
| 856 |
4 |
|
|u http://www.lib.tpu.ru/fulltext/c/2013/C40/028.pdf
|
| 942 |
|
|
|c BK
|